000 00260pam a2200121 a 4500
020 _c
041 _h
082 _a750
_bGUJ
245 _aSatish Gujral
_hTextual Documents
260 _a[s.l]:
_bUsha Bharia ,
_c2000.
300 _a172:
_bHard.
930 _a5909
999 _c239699
_d239699